Sanat: "Kesäyö" Pariisin kevät - Statistics

Yleistilastot
  • Tätä visaa on pelattu 297 kertaa
  • Keskiarvotulos 68 / 113
Vastaustilastot
Hint Vastaus % Oikein
kesäyö
95%
Ja
93%
ja
93%
kasvoille
89%
kyyneleitä
89%
Satoi
89%
ulkona
89%
hämärässä
76%
ei
75%
Kuin
72%
kuin
72%
se
71%
joka
66%
Joka
66%
milloinkaan
63%
Verse 1 Istuin
62%
Verse 3 Istun
62%
loppuisi
62%
meitä
59%
tuntui
59%
katsoi
57%
Alkoi
56%
avaruus
56%
hetki
56%
hiljaisuus
55%
Saapui
54%
Olen
53%
hetken
52%
Älä
49%
Istuimme
49%
koskaan
49%
On
49%
yhdessä
49%
lopu
47%
maailmaa
47%
pelkää
47%
luokseni
46%
huusi
43%
olento
42%
hetkeä
39%
Hetkeksi
39%
Odotan
39%
kylmiä
38%
väreitä
38%
Kuinka
37%
kaikki
36%
katoaa
36%
Saapuisi
36%
unohtanut
36%
kuljin
35%
Selässä
35%
taivaalla
35%
35%
lopulta
34%
tähän
34%
Mistä
33%
vieläkin
33%
ilmalaivueita
32%
Näen
32%
Taivaanrantaan
32%
Kertoisi
31%
lentäneitä
31%
minulle
31%
kirkkaampi
30%
valot
30%
unohduksen
29%
aamuun
28%
Verse 2 Herään
28%
kaapuun
28%
muistan
28%
Verhoudun
28%
rannalta
26%
päivää
24%
Vaan
24%
juoksee
23%
Liukuvat
22%
Valopisteet
21%
Ehtoja vastaavia visoja ei löytynyt
Tulosjakauma
Jokaisen tuloksen saaneiden osuus
Persentiili vastausten määrän mukaan
Tuloshistoriasi
Et ole pelannut tätä visaa